Grupos empresariales: notas sobre la responsabilidad del administrador de hecho en el Derecho chileno. Estatuto general y responsabilidad por insolvencia

Guardat en:
Dades bibliogràfiques
Autor principal: Jequier Lehuedé, Eduardo Teodoro (Autor)
Format: Llibre
Idioma:espanyol
Publicat: Santiago Legal Publishing 2015
Edició:1a. ed
Col·lecció:Monografías
Matèries:
Etiquetes: Afegir etiqueta
Sense etiquetes, Sigues el primer a etiquetar aquest registre!

MARC

LEADER 00000cam a2200000 a 4500
001 UCD1488
003 CL-VaPUC
008 160310e20150000cl |||||||||||||||||spa|d
020 |a 9789563467246 
082 0 4 |a 346.07  |b JEQ  |2 21 
100 |a Jequier Lehuedé, Eduardo Teodoro  |e author  |9 739387 
245 1 0 |a Grupos empresariales: notas sobre la responsabilidad del administrador de hecho en el Derecho chileno. Estatuto general y responsabilidad por insolvencia 
250 |a 1a. ed 
300 |a 212 p 
942 |c BK 
945 |d 20160310 23:10:00  |a dcastane 
260 |a Santiago  |b Legal Publishing  |c 2015 
650 0 |a Derecho comercial   |9 256340 
650 0 |a Sociedades anónimas  |9 255387 
650 0 |a Contratos  |9 255153 
650 7 |a CREDITOS  |2 CL-VaPUC  |9 584579 
583 |a last modification  |c 20190722 01:34:08  |k Rodrigo Vera 
490 0 |a Monografías 
999 |c 362789  |d 362787 
952 |0 0  |1 0  |3 erb  |4 0  |6 346_070000000000000_JEQ_2015  |7 0  |8 A  |9 474294  |a BIBDER  |b BIBDER  |i 5266556  |l 1  |o 346.07 JEQ 2015  |p 5266556  |r 2025-04-09  |s 2025-04-09  |w 2019-11-24  |y BK  |z Catalogado en:20160310  |k DER